000 00289nam a22001337a 4500
008 181219b xxu||||| |||| 00| 0 eng d
020 _a0256060827
041 _aeng
080 _a620
100 _a26
101 _aMEK
245 _aMotion and Time Study
_cNiebel,B.W
942 _2udc
_cBK
999 _c53495
_d53495